Wild, the Innocent & the E Street Shuffle (The) (Record n. 100986)

Dettagli MARC
000 -LEADER
fixed length control field 01012njm a2200289Ia 4500
001 - CONTROL NUMBER
control field B9658
003 - CONTROL NUMBER IDENTIFIER
control field IT-RoPAU
005 - DATE AND TIME OF LATEST TRANSACTION
control field 20220918181137.0
008 - FIXED-LENGTH DATA ELEMENTS--GENERAL INFORMATION
fixed length control field 131025s9999 xx 000 0 und d
040 ## - CATALOGING SOURCE
Original cataloging agency IT-RoPAU
040 ## - CATALOGING SOURCE
Transcribing agency IT-RoPAU
999 ## - SYSTEM CONTROL NUMBERS (KOHA)
Koha Dewey Subclass [OBSOLETE] n.d.
100 ## - MAIN ENTRY--PERSONAL NAME
Personal name Springsteen Bruce
9 (RLIN) 14269
100 ## - MAIN ENTRY--PERSONAL NAME
Relator term Autore musica
9 (RLIN) 29511
100 ## - MAIN ENTRY--PERSONAL NAME
Miscellaneous information Codice autore musica SPICS: 11477
9 (RLIN) 14271
245 ## - TITLE STATEMENT
Title Wild, the Innocent & the E Street Shuffle (The)
250 ## - EDITION STATEMENT
Edition statement 1a ed.
260 ## - PUBLICATION, DISTRIBUTION, ETC. (IMPRINT)
Place of publication, distribution, etc. HOLLAND
260 ## - PUBLICATION, DISTRIBUTION, ETC. (IMPRINT)
Name of publisher, distributor, etc. CBS
Date of publication, distribution, etc. 1973 [1a Ed.:1973 - Ed. Lingua Orig.: 1973]
300 ## - PHYSICAL DESCRIPTION
Extent DISCO
300 ## - PHYSICAL DESCRIPTION
Dimensions 47 minuti (Testo: 0 pag.)
500 ## - GENERAL NOTE
General note Musica pop.
505 ## - FORMATTED CONTENTS NOTE
Formatted contents note The E Street Shuffle - 4Th of July, Asbury Park - Kitty's Back - Wild Billy's Circus Story - Incident On 57Th Street - Rosalita (Come Out Tonight) - New York City Serenade
650 ## - SUBJECT ADDED ENTRY--TOPICAL TERM
Topical term or geographic name as entry element POP [DISCHI]
Relator term Codice MATERIA SPICS: 9950
9 (RLIN) 1001
700 ## - ADDED ENTRY--PERSONAL NAME
Personal name Springsteen Bruce
Miscellaneous information Codice interprete SPICS: 11477
Relator term Interprete
9 (RLIN) 29512
942 ## - ADDED ENTRY ELEMENTS (KOHA)
Koha item type DISCHI
Source of classification or shelving scheme Dewey Decimal Classification
Dati di copia
Withdrawn status Lost status Damaged status Not for loan Home library Current library Date acquired Total Checkouts Full call number Date last seen Price effective from Koha item type Public note
    Buone Condizioni Not For Loan SPICS-MEDIATECA SPICS-MEDIATECA 25/10/2013   B9658 25/10/2013 25/10/2013 DISCHI Progr. Ins.: 965 / N.Vol.: 1 / Copie: 1 - Copia rara: n.d. / date import: 01.01.2014 - By Epidotti, Trombetti, Vaglietti
CREDITS: SOCIETA' SAN PAOLO Via A.Severo, 58 - ROMA (RM) & PERIODICI SAN PAOLO SRL Via Giotto, 36 MILANO & CISF Via Giotto, 36 MILANO & EDIZIONI SAN PAOLO SRL,  Piazza Soncino, 5 CINISELLO BALSAMO (MI) -- ITALY